000 00729nam a22002537a 4500
008 200127b xxu||||| |||| 00| 0 eng d
020 _a9789937511735
041 _aNep.
082 _aN510/Sh23c
100 _aSharma, Lekhnath
_913010
245 _aClass 9 competitors optional mathematics; practice matericals
260 _aKathmandu:
_bBhundipuran Prakashan,
_c2010.
300 _a212p. ;illus.
650 _aMathematics
700 _aAwasthi, Ramash Prasad
700 _aTimalsena, Thakur
700 _aNepal, Binod
700 _aChaudhari , K.C.
700 _aDinesh.kumar 'Dhatkan'
700 _aDangal, Parshu Ram
700 _aChand, Harka Bahadur
700 _aDahal, Raj Kurmar
942 _2ddc
_cISBN
999 _c91413
_d91402